000 00210nam a2200085Ia 4500
008 170617s9999 xx 000 0 und d
100 _aJain-N.K
245 0 _aadvance in control and novel drug delivery
260 _bC B S Pub
260 _c2006
999 _c15371
_d15371